000 00437nam a2200169Ia 4500
008 230125s9999 xx 000 0 und d
041 _aeng
082 _a658.4033
_bJHA
100 _aJhamb L C
245 _aQuantitative Techniques vol. I
260 _c1988
_bEverest Publishing house
_aPune
300 _a590p
500 _aQT;Quantitative Techniques
650 _aMathematics
_9106897
700 _aJhamb L C
999 _c92476
_d92476